000 00593nam a2200241 a 4500
001 0001-1191
003 ELIB.Books
008 150513 2010 eng
020 _a0849904668
035 _a(ELIB.Books)0001-1346
092 _a248.8
_bDav
100 _aDavis, Ron Lee
245 _aHealing Life's Hurts
260 _aDallas
_bWord Publishing
_c1986
300 _a186
_c21.5 Cm
500 _aC/o Moe Lwei
650 _aChristian Life
856 _nKBTS: Library
_uKBTS: Elib
942 _2ddc
_cBK
990 _a1
998 _cbat
_e2015-05-13
999 _c11191
_d11191